00309nam a2200121 a 4500008004100000050002000041100001800061245002900079260003500108300001400143350000900157650002100166120416s1984 ||||||||||||||||| || u aPR 6052.A765V52 aBaylis, Sarah10aVila: an adventure story aLondonbBrilliance Booksc1984 avi, 244p. a0.00 aENGLISH LANGUAGE